<?xml version="1.0" encoding="UTF-8"?>
<collection xmlns="http://www.loc.gov/MARC21/slim">
<record>
  <controlfield tag="001">800</controlfield>
  <datafield tag="037" ind1=" " ind2=" ">
    <subfield code="a">CaVaHC-MAP-1952-0003</subfield>
  </datafield>
  <datafield tag="041" ind1=" " ind2=" ">
    <subfield code="a">eng</subfield>
  </datafield>
  <datafield tag="100" ind1=" " ind2=" ">
    <subfield code="a">Vacaville, City</subfield>
  </datafield>
  <datafield tag="245" ind1=" " ind2=" ">
    <subfield code="a">Map of the City of Vacaville California</subfield>
  </datafield>
  <datafield tag="260" ind1=" " ind2=" ">
    <subfield code="c">1952</subfield>
  </datafield>
  <datafield tag="520" ind1=" " ind2=" ">
    <subfield code="a">Prepared by Solano Engineers Associated, 50 Lincoln Highway, Vallejo, CA.  Approved by Vacaville City Council Members: Mayor Albert S. Porter, Jos E. Libonati, Howard I. Burton, Richard E. Coffer, Carroll S. Mundy. February 26, 1952.</subfield>
  </datafield>
  <datafield tag="856" ind1="0" ind2=" ">
    <subfield code="f">vacahc@gmail.com</subfield>
  </datafield>
  <datafield tag="980" ind1=" " ind2=" ">
    <subfield code="a">28393462837</subfield>
  </datafield>
</record>
</collection>